Представление документа в формате RUSMARC

ПолеНазваниеЗначение
  Тип записи a
  Библиографический уровень c
001 Контрольный номер RU/SLIB/B/208760771
005 Дата корректировки 20201206204215.5
010 Индекс ISBN __
d Цена 120-00
101 Язык документа 0_
a Язык текста rus
c Язык оригинала rus
200 Заглавие и сведения об ответственности 1_
a Заглавие Свобода совести в России: исторический и современный аспекты
e Сведения, относящиеся к заглавию сб. докладов и материалов межрегион. научно-практ. семинаров и конф. 2002-2004 гг.
f Первые сведения об ответственности Рос. об-ние исслед. религии ; [сост. и общ. ред.: Мельникова Е. Н., Одинцов М. И.]
b Общее обозначение материала Текст
210 Выходные данные __
a Место издания М.
c Издательство [б. и.]
d Дата издания 2004
215 Физическое описание __
a Объем 624 с.
327 Примечание о содержании __
a Примечание о содержании Толерантность - путь к утверждению демократии и законности: международный и российский опыт
330 Аннотация __
a Аннотация Освещены проблемы обеспечения прав граждан на свободу совести, истории и современному положению религий и церквей в РФ.
601 Наименование организации как предмет __
a Наименование организации как предмет Свидетели Иеговы
601 Наименование организации как предмет __
a Наименование организации как предмет Русская Православная Церковь
601 Наименование организации как предмет __
a Наименование организации как предмет Армия Спасения
606 Тематические рубрики __
a Основная рубрика Религия. Мистика. Свободомыслие
z Хронологическая подрубрика 20 в. ; 21 в.
y Географическая подрубрика РФ ; Российская Федерация ; Россия ; СССР
606 Тематические рубрики __
a Основная рубрика Религиоведение
610 Ключевые слова __
a Ключевые слова свобода совести; вероисповедания; государства; церкви; кришнаиты; секты
686 Индексы других классификаций __
a Классификационный индекс 86.2
702 Вторичная интеллектуальная ответственность _1
a Фамилия Мельникова
b Имя Е. Н.
4 Код отношения Составитель
4 Код отношения 220
4 Код отношения 651
702 Вторичная интеллектуальная ответственность _1
a Фамилия Одинцов
b Имя М. И.
4 Код отношения Составитель
4 Код отношения 220
4 Код отношения 651
801 Источник записи _0
a Страна RU
b Организация Муниципальное бюджетное учреждение культуры "Централизованная библиотечная система" г. Сургут (Центральная городская библиотека им. А. С. Пушкина)
g Правила каталогизации КиК/Гришунина
801 Источник записи _1
a Страна RU
b Организация Муниципальное бюджетное учреждение культуры "Централизованная библиотечная система" г. Сургут (Центральная городская библиотека им. А. С. Пушкина)
g Правила каталогизации КиК/Гришунина
852 Данные о местонахождении __
j Шифр хранения 86.2
c Каталожный индекс 86.2
i Авторский знак С 25
p Инвентарный номер 05020229
901 Тип документа 1_
t Тип документа x
903 Характеристики (МАРС) __
a Дата передачи 20050217
969 Тип издания __
a Тип издания сборник
990 Данные о заказе (DOS) __
j Количество экземпляров (DOS) 1
t N записи в КСУ для И/У (DOS) 200502